Código de comercio 1898. (Record no. 44590)

MARC details
000 -LEADER
campo de control de longitud fija 00481nam a2200181 i 4500
001 - NÚMERO DE CONTROL
campo de control 44590
003 - IDENTIFICADOR DE NÚMERO DE CONTROL
campo de control ES-MaACL
005 - FECHA Y HORA DE LA ÚLTIMA TRANSACCIÓN
campo de control 20250830101021.0
007 - CAMPO FIJO DE DESCRIPCIÓN FÍSICA--INFORMACIÓN GENERAL
campo de control de longitud fija t|
008 - DATOS DE LONGITUD FIJA--INFORMACIÓN GENERAL
campo de control de longitud fija 030321s1898 mx ||||1| spa d
245 00 - MENCIÓN DEL TÍTULO
Título Código de comercio 1898.
260 ## - PUBLICACIÓN, DISTRIBUCIÓN, ETC.
Lugar de publicación, distribución, etc. Tegucigalpa :
Nombre del editor, distribuidor, etc. [s.n.],
Fecha de publicación, distribución, etc. 1898 (
Fabricante Tip. Nacional)
300 ## - DESCRIPCIÓN FÍSICA
Extensión 234 p. ;
Dimensiones 29 cm.
500 ## - NOTA GENERAL
Nota general Precede al tít.: Estado de Honduras.
710 1# - ENTRADA AGREGADA--NOMBRE DE ENTIDAD CORPORATIVA
Nombre de entidad corporativa o nombre de jurisdicción como elemento de entrada Honduras
9 (RLIN) 4586
852 ## - LOCALIZACIÓN
Ubicación ES-MaACL
Número de control de estantería F-3562
Holdings
Estatus retirado Estado de pérdida Estado de daño No para préstamo Colección Biblioteca de origen Biblioteca actual Ubicación en estantería Fecha de adquisición Fuente de adquisición Total de préstamos Signatura topográfica completa Código de barras Visto por última vez Precio de reemplazo Tipo de ítem Koha
        Libros del s. XIX Biblioteca del Ateneo de Madrid Biblioteca del Ateneo de Madrid Depósito 2 17/01/2008     F-3562 1046932 23/02/2023 23/02/2023 Libro impreso antiguo